000 01705cam a2200409 a 4500
001 17267581
005 20170105102914.0
008 120423s2012 enka b 001 0 eng d
010 _a 2012392372
015 _aGBB1C6247
_2bnb
016 7 _a015959370
_2Uk
020 _a9780745332246 (pbk)
020 _a0745332242 (pbk)
020 _a0745332250
020 _a9780745332253
035 _a(OCoLC)ocn748328878
040 _aBTCTA
_beng
_cBTCTA
_dUKMGB
_dYDXCP
_dCDX
_dCLE
_dE7B
_dBWX
_dOCLCQ
_dQCL
_dDLC
042 _alccopycat
050 0 0 _aHC59.7
_b.M4273 2012
082 0 4 _a338.90091724
_223
100 1 _aMehta, Vijay,
_d1940-
245 1 4 _aThe economics of killing :
_bhow the West fuels war and poverty in the developing world /
_cVijay Mehta.
260 _aLondon :
_bPluto Press,
_c2012.
300 _aix, 237 p. :
_bill. ;
_c22 cm.
504 _aIncludes bibliographical references (p.193-226) and index.
650 0 _aEconomic development
_zDeveloping countries.
650 0 _aWar
_xPolitical aspects
_zDeveloping countries.
650 0 _aPoverty
_xPolitical aspects
_zDeveloping countries.
650 0 _aWorld politics
_y21st century.
856 4 2 _3Contributor biographical information
_uhttp://www.loc.gov/catdir/enhancements/fy1213/2012392372-b.html
856 4 2 _3Publisher description
_uhttp://www.loc.gov/catdir/enhancements/fy1213/2012392372-d.html
856 4 1 _3Table of contents only
_uhttp://www.loc.gov/catdir/enhancements/fy1213/2012392372-t.html
906 _a7
_bcbc
_ccopycat
_d2
_encip
_f20
_gy-gencatlg
936 _aPR 773502802 778354347
942 _2ddc
_cBK
999 _c15269
_d15269